[Event "Hilton Open 2013"]
[Site "Basel"]
[Date "2013.01.02"]
[Round "2.39"]
[White "Eidinger, Helmut"]
[Black "Deubelbeiss, Rene"]
[Result "0-1"]
[WhiteElo "2137"]
[BlackElo "2015"]
[PlyCount "57"]
[EventDate "2013.??.??"]
[SourceDate "2013.01.01"]

1. e4 c5 2. Nf3 d6 3. d4 cxd4 4. Nxd4 Nf6 5. Nc3 a6 6. g3 e5 7. Nde2 b5 8. Bg2
Bb7 9. Bg5 Be7 10. O-O Nbd7 11. Bxf6 Nxf6 12. a3 O-O 13. Qd3 Qb6 14. Rad1 Rac8
15. h3 Rc7 16. g4 h6 17. Ng3 Rd8 18. Nf5 Bf8 19. Rfe1 Rc4 20. Qe3 Qc7 21. Rd3
Kh7 22. g5 Nh5 23. gxh6 g6 24. Qg5 f6 25. Qh4 Qf7 26. Ne3 Nf4 27. Ncd5 Bxd5 28.
Nxd5 Nxd5 29. exd5 0-1

[Event "Hilton Open 2013"]
[Site "Basel"]
[Date "2013.01.02"]
[Round "2.40"]
[White "Brait, Wolfgang"]
[Black "Stolniceanu, Victor Dumitru"]
[Result "0-1"]
[WhiteElo "2021"]
[BlackElo "2135"]
[PlyCount "90"]
[EventDate "2013.??.??"]
[SourceDate "2013.01.01"]

1. d4 Nf6 2. c4 g6 3. Nc3 Bg7 4. e4 d6 5. f3 Nbd7 6. Be3 e5 7. Nge2 exd4 8.
Nxd4 a6 9. Qd2 Nc5 10. Bh6 O-O 11. O-O-O Bd7 12. g4 Na4 13. Bxg7 Kxg7 14. h4
Nxc3 15. Qxc3 Kg8 16. h5 Qe7 17. Qe3 Qe5 18. Bd3 Rae8 19. Rdg1 g5 20. Nf5 Bxf5
21. gxf5 h6 22. f4 Qxf5 23. fxg5 Nxe4 24. gxh6+ Kh8 25. Qd4+ Qe5 26. Qxe5+ Rxe5
27. Rg7 c6 28. Rf1 f5 29. Rxb7 Nc5 30. Rb3 Nxb3+ 31. axb3 Kh7 32. Rg1 Rf6 33.
Kd2 Kxh6 34. Ra1 a5 35. Be2 f4 36. Bf3 c5 37. Re1 Rxe1 38. Kxe1 Re6+ 39. Kf2
Re3 40. Bd1 Kg5 41. Kf1 Rh3 42. Kf2 Rxh5 43. Bxh5 Kxh5 44. b4 cxb4 45. Kf3 a4
0-1

[Event "Hilton Open 2013"]
[Site "Basel"]
[Date "2013.01.02"]
[Round "2.41"]
[White "Moser, Guido"]
[Black "Ernst, Rolf"]
[Result "0-1"]
[WhiteElo "2006"]
[BlackElo "2131"]
[PlyCount "54"]
[EventDate "2013.??.??"]
[SourceDate "2013.01.01"]

1. d4 Nf6 2. Nf3 e6 3. e3 b6 4. Bd3 Bb7 5. Nbd2 c5 6. O-O Be7 7. c3 Nc6 8. a3
O-O 9. e4 d6 10. Qe2 cxd4 11. cxd4 d5 12. e5 Nd7 13. b4 a6 14. Nb3 Qc7 15. Bd2
b5 16. Ng5 g6 17. f4 Nb6 18. f5 exf5 19. Bxf5 Nc4 20. Rf3 Bc8 21. Bxc8 Qxc8 22.
Rh3 h5 23. Rxh5 Nxd2 24. e6 Bxg5 25. Rxg5 Ne4 26. exf7+ Kg7 27. Rxd5 Nc3 0-1

[Event "Hilton Open 2013"]
[Site "Basel"]
[Date "2013.01.02"]
[Round "2.42"]
[White "Tillmann, Marc"]
[Black "Braeunlin, Klaus"]
[Result "1-0"]
[WhiteElo "1999"]
[BlackElo "2131"]
[PlyCount "115"]
[EventDate "2013.??.??"]
[SourceDate "2013.01.01"]

1. d4 Nf6 2. c4 e6 3. Nc3 Bb4 4. Nf3 O-O 5. e3 Ne4 6. Qc2 f5 7. Bd3 d5 8. O-O
c6 9. a3 Bd6 10. b4 Nd7 11. Bb2 Bb8 12. Rac1 Qf6 13. Qb3 Kh8 14. b5 Qh6 15. g3
Ndf6 16. Rc2 Ng4 17. Rd1 Qh5 18. Kg2 Bd6 19. Rh1 Ng5 20. Nxg5 Qxg5 21. Bc1 Qg6
22. f3 Nf6 23. Re1 Qf7 24. Rf2 Bd7 25. e4 Bc7 26. a4 dxe4 27. fxe4 Ng4 28. Rff1
Qh5 29. h3 Nh6 30. d5 cxd5 31. exd5 e5 32. c5 f4 33. g4 Nxg4 34. hxg4 Qxg4+ 35.
Kf2 Bd8 36. Rh1 Bh4+ 37. Rxh4 Qxh4+ 38. Ke2 Bg4+ 39. Kd2 Qf2+ 40. Be2 Bf5 41.
Qc4 Rad8 42. Nd1 Qg2 43. d6 b6 44. Bb2 e4 45. Qd4 bxc5 46. Qe5 Qg6 47. Qxf4
Rxd6+ 48. Kc1 Qh6 49. Qxh6 Rxh6 50. Ne3 Bg6 51. Rd1 Rh2 52. Bc4 h5 53. Rd7 Rxb2
54. Kxb2 Rf3 55. a5 Kh7 56. Rxa7 Be8 57. b6 Bc6 58. a6 1-0

[Event "Hilton Open 2013"]
[Site "Basel"]
[Date "2013.01.02"]
[Round "2.43"]
[White "Schenker, Roberto"]
[Black "Janasik, Gerhard"]
[Result "1/2-1/2"]
[WhiteElo "2129"]
[BlackElo "2014"]
[PlyCount "38"]
[EventDate "2013.??.??"]
[SourceDate "2013.01.01"]

1. c4 c6 2. Nf3 Nf6 3. g3 g6 4. Bg2 Bg7 5. O-O O-O 6. d4 d6 7. Nc3 Qa5 8. e4
Qh5 9. Nh4 Qxd1 10. Rxd1 e5 11. d5 cxd5 12. cxd5 a6 13. Bd2 Nbd7 14. b4 Nb6 15.
Bf1 Bd7 16. Rdc1 Rac8 17. f3 Nc4 18. Bxc4 Rxc4 19. Ne2 Rfc8 1/2-1/2

[Event "Hilton Open 2013"]
[Site "Basel"]
[Date "2013.01.02"]
[Round "2.44"]
[White "Wehrle, Uwe"]
[Black "Faraone, Ettore"]
[Result "0-1"]
[WhiteElo "2117"]
[BlackElo "2003"]
[PlyCount "140"]
[EventDate "2013.??.??"]
[SourceDate "2013.01.01"]

1. d4 Nf6 2. Nf3 g6 3. c4 Bg7 4. Nc3 O-O 5. e4 d6 6. h3 e5 7. d5 c5 8. Be2 h6
9. Be3 Kh7 10. Qd2 Ng8 11. Nh2 f5 12. f3 f4 13. Bf2 Nd7 14. a3 Ndf6 15. b4 b6
16. Rb1 Bd7 17. Nf1 Nh5 18. Kd1 Ngf6 19. Bd3 Qc7 20. Qc2 Rfc8 21. Ne2 a6 22.
Nd2 cxb4 23. axb4 Bf8 24. Qb2 Be7 25. Rc1 g5 26. Rc3 Qb7 27. Nb3 Ba4 28. Kd2 a5
29. b5 Bxb3 30. Rxb3 Rg8 31. Nc3 Nd7 32. Na4 Nhf6 33. Qa1 h5 34. Qg1 Bd8 35. g3
fxg3 36. Bxg3 Nc5 37. Nxc5 bxc5 38. Qa1 h4 39. Bf2 a4 40. Ra3 Ba5+ 41. Kc2 Bb4
42. Ra2 a3 43. Qc1 Qa7 44. Kb1 Qa5 45. Rg1 Bc3 46. Qc2 Qb4+ 47. Kc1 Nh5 48. Be3
Nf4 49. Bf1 Kh6 50. Rh1 Nh5 51. Rh2 Ng3 52. Bd3 Rgf8 53. Rf2 Bb2+ 54. Kd1 Bc3
55. Bd2 Bxd2 56. Qxd2 Rf4 57. Qc1 Qb3+ 58. Qc2 Qb4 59. Qc1 Rf7 60. Qd2 Nh5 61.
Qxb4 cxb4 62. Kc2 Raf8 63. Be2 Ng3 64. Kd3 Nxe2 65. Kxe2 Ra8 66. Kd3 b3 67. Ra1
b2 68. Rb1 a2 69. Rfxb2 axb1=Q+ 70. Rxb1 Rxf3+ 0-1

[Event "Hilton Open 2013"]
[Site "Basel"]
[Date "2013.01.02"]
[Round "3.1"]
[White "Vachier Lagrave, Maxime"]
[Black "Vorotnikov, Vladislav V"]
[Result "1/2-1/2"]
[WhiteElo "2711"]
[BlackElo "2464"]
[PlyCount "33"]
[EventDate "2013.??.??"]
[SourceDate "2013.01.01"]

1. e4 e5 2. Nf3 d6 3. d4 exd4 4. Nxd4 g6 5. Nc3 Bg7 6. Be3 Nf6 7. Qd2 O-O 8.
O-O-O Nc6 9. f3 Nxd4 10. Bxd4 Be6 11. Kb1 Re8 12. g4 c5 13. Bf2 Qa5 14. Nd5 Qa4
15. Nc3 Qa5 16. Nd5 Qa4 17. Nc3 1/2-1/2

[Event "Hilton Open 2013"]
[Site "Basel"]
[Date "2013.01.02"]
[Round "3.3"]
[White "Vajda, Levente"]
[Black "Lekic, Dusan"]
[Result "1-0"]
[WhiteElo "2603"]
[BlackElo "2411"]
[PlyCount "57"]
[EventDate "2013.??.??"]
[SourceDate "2013.01.01"]

1. e4 e5 2. Nf3 Nc6 3. Bc4 Bc5 4. O-O Nf6 5. d3 O-O 6. c3 d5 7. exd5 Nxd5 8.
Re1 Bg4 9. h3 Bh5 10. Nbd2 Nb6 11. Bb5 Bd6 12. Ne4 f5 13. Ng3 Bxf3 14. Qxf3 Ne7
15. Qxb7 Ng6 16. Qf3 Nh4 17. Qd1 Qf6 18. Qh5 h6 19. a4 a5 20. Bd2 Rad8 21. b4
axb4 22. cxb4 Kh7 23. Bc6 e4 24. Rac1 Bxg3 25. fxg3 Rxd3 26. Bf4 Ng6 27. Bxc7
Qd4+ 28. Kh2 Rf7 29. Be8 1-0

[Event "Hilton Open 2013"]
[Site "Basel"]
[Date "2013.01.02"]
[Round "3.4"]
[White "Kurmann, Oliver"]
[Black "Fier, Alexandr"]
[Result "1/2-1/2"]
[WhiteElo "2456"]
[BlackElo "2573"]
[PlyCount "81"]
[EventDate "2013.??.??"]
[SourceDate "2013.01.01"]

1. e4 c5 2. Nf3 d6 3. d4 cxd4 4. Nxd4 Nf6 5. Nc3 a6 6. Be3 e6 7. g4 h6 8. h4 e5
9. Nf5 g6 10. Nxh6 Bxh6 11. g5 Ng4 12. gxh6 Nxe3 13. fxe3 Rxh6 14. Qf3 Be6 15.
O-O-O Nc6 16. h5 Qg5 17. hxg6 Nd4 18. gxf7+ Bxf7 19. Qg2 Qxe3+ 20. Kb1 Rxh1 21.
Qxh1 O-O-O 22. Qh3+ Qxh3 23. Bxh3+ Kb8 24. Bf1 Rh8 25. Bd3 Rh2 26. b3 Kc7 27.
Kc1 Kc6 28. Rd2 Rh4 29. Kb2 b5 30. a3 Rh1 31. Rf2 Be6 32. Bf1 Kb6 33. b4 a5 34.
Bd3 axb4 35. axb4 Kc6 36. Ne2 Nxe2 37. Rxe2 Rh4 38. Kc3 Rh3 39. Kd2 Rh4 40. Kc3
Rh3 41. Kd2 1/2-1/2

[Event "Hilton Open 2013"]
[Site "Basel"]
[Date "2013.01.02"]
[Round "3.5"]
[White "Hansen, Eric"]
[Black "Loetscher, Roland"]
[Result "0-1"]
[WhiteElo "2568"]
[BlackElo "2395"]
[PlyCount "82"]
[EventDate "2013.??.??"]
[SourceDate "2013.01.01"]

1. e4 c5 2. Nf3 g6 3. c4 Nc6 4. d4 cxd4 5. Nxd4 Nf6 6. Nc3 d6 7. Be2 Nxd4 8.
Qxd4 Bg7 9. Be3 O-O 10. Qd2 a5 11. O-O a4 12. f3 Qa5 13. Rab1 Be6 14. Rfc1 Rfc8
15. b4 axb3 16. axb3 Qb4 17. Rc2 Ra3 18. Nb5 Qxd2 19. Rxd2 Raa8 20. g4 Nd7 21.
Kg2 Ne5 22. g5 Nc6 23. f4 Ra5 24. Rbd1 h6 25. h4 hxg5 26. hxg5 Nb4 27. Bf3 Rb8
28. Ba7 Ra8 29. Bf2 Ra1 30. e5 Rxd1 31. Rxd1 dxe5 32. Nc7 Ra3 33. Rd8+ Kh7 34.
Nxe6 fxe6 35. Rd7 b6 36. Bd1 Ra2 37. fxe5 Nc6 38. Kg3 Bxe5+ 39. Kf3 Bd6 40. Bg3
Rd2 41. Be2 Nd4+ 0-1

[Event "Hilton Open 2013"]
[Site "Basel"]
[Date "2013.01.02"]
[Round "3.6"]
[White "Mladenov, Svetlin"]
[Black "Melkumyan, Hrant"]
[Result "0-1"]
[WhiteElo "2407"]
[BlackElo "2656"]
[PlyCount "118"]
[EventDate "2013.??.??"]
[SourceDate "2013.01.01"]

1. e4 e5 2. Nf3 Nc6 3. Bb5 a6 4. Ba4 Nf6 5. O-O Be7 6. Re1 b5 7. Bb3 O-O 8. h3
Bb7 9. d3 d6 10. a3 Nb8 11. Nbd2 Nbd7 12. Nf1 Re8 13. Ng3 h6 14. c3 Bf8 15. Ba2
d5 16. Nh2 dxe4 17. dxe4 c5 18. Ng4 c4 19. b3 Nxg4 20. Qxg4 Nf6 21. Qf3 Rc8 22.
bxc4 bxc4 23. Rd1 Qe7 24. Rb1 Rc6 25. Qe2 Rec8 26. Nf5 Qc7 27. Ne3 Ba8 28. f3
Bc5 29. Kh2 Nh5 30. Nd5 Qa7 31. Bxc4 Rg6 32. g4 Bxd5 33. Bxd5 Nf6 34. Rb7 Nxd5
35. Rxa7 Nxc3 36. Qb2 Bxa7 37. Qb7 Rf8 38. Rd7 Bd4 39. Qc7 Rf6 40. Kg2 Ne2 41.
Bd2 Re8 42. h4 Bb6 43. Qc4 Nd4 44. g5 hxg5 45. hxg5 Rfe6 46. Bb4 Nc6 47. Bd6
Nd8 48. Qxa6 Be3 49. Qc8 Bxg5 50. a4 Kh7 51. a5 Rg6 52. Kf1 Ree6 53. Bc7 Nc6
54. Rxf7 Ne7 55. Qd7 Rh6 56. Rf8 Rc6 57. Bxe5 Rc2 58. Bd4 Rh1+ 59. Bg1 Be3 0-1

[Event "Hilton Open 2013"]
[Site "Basel"]
[Date "2013.01.02"]
[Round "3.7"]
[White "Schmidt Schaeffer, Sebastian"]
[Black "Edouard, Romain"]
[Result "0-1"]
[WhiteElo "2356"]
[BlackElo "2686"]
[PlyCount "82"]
[EventDate "2013.??.??"]
[SourceDate "2013.01.01"]

1. f4 d5 2. Nf3 g6 3. e3 Bg7 4. Be2 c5 5. O-O Nc6 6. d4 Qb6 7. c3 Nf6 8. Nbd2
O-O 9. Ne5 Bf5 10. g4 Be6 11. Nd3 c4 12. Nc5 Bc8 13. b3 cxb3 14. axb3 Qc7 15.
Bb2 Qd6 16. Bf3 b6 17. Nd3 Qe6 18. Ne5 Nxe5 19. dxe5 Nxg4 20. Qe2 h5 21. c4 Bb7
22. cxd5 Bxd5 23. e4 Bc6 24. f5 Qd7 25. Bxg4 hxg4 26. Rad1 gxf5 27. exf5 Bh6
28. Nc4 Qb7 29. e6 f6 30. Qxg4+ Kh8 31. Qh5 Rg8+ 32. Kf2 Rg2+ 33. Ke1 Kg7 34.
Qf7+ Kh8 35. Qh5 Kg7 36. Rf2 Be8 37. Qh4 Rg1+ 38. Rf1 Rxf1+ 39. Kxf1 Qf3+ 40.
Ke1 Bh5 41. Bxf6+ Kh7 0-1

[Event "Hilton Open 2013"]
[Site "Basel"]
[Date "2013.01.02"]
[Round "3.8"]
[White "Istratescu, Andrei"]
[Black "Dimitrov, Atanas"]
[Result "1-0"]
[WhiteElo "2654"]
[BlackElo "2346"]
[PlyCount "87"]
[EventDate "2013.??.??"]
[SourceDate "2013.01.01"]

1. e4 e5 2. Nf3 Nc6 3. Bb5 Nf6 4. O-O Bc5 5. Nxe5 Nxe5 6. d4 a6 7. Be2 Be7 8.
dxe5 Nxe4 9. c4 O-O 10. Qc2 f5 11. Nc3 Nxc3 12. Qxc3 d6 13. Rd1 Qe8 14. Bf4 g5
15. exd6 Bf6 16. Qg3 Qxe2 17. Bxg5 Qg4 18. Bxf6 Qxg3 19. hxg3 Rxf6 20. d7 Bxd7
21. Rxd7 Rf7 22. Rad1 Raf8 23. f3 Kg7 24. Kf2 Kf6 25. c5 Ke6 26. R7d4 Re7 27.
Re1+ Kf6 28. Rxe7 Kxe7 29. Rb4 Rd8 30. Rxb7 Kd7 31. Ra7 Rb8 32. b3 Rb5 33. Rxa6
Rxc5 34. Ke3 Rc2 35. Kf4 Rxg2 36. Rh6 Rxa2 37. Rxh7+ Kd6 38. Kxf5 Ra3 39. g4
Rxb3 40. f4 c5 41. g5 c4 42. g6 Rg3 43. Kf6 c3 44. g7 1-0

[Event "Hilton Open 2013"]
[Site "Basel"]
[Date "2013.01.02"]
[Round "3.9"]
[White "Turov, Maxim"]
[Black "Maisuradze, Nino"]
[Result "1-0"]
[WhiteElo "2630"]
[BlackElo "2306"]
[PlyCount "83"]
[EventDate "2013.??.??"]
[SourceDate "2013.01.01"]

1. d4 d5 2. c4 e6 3. Nc3 Be7 4. cxd5 exd5 5. Bf4 Nf6 6. e3 O-O 7. Bd3 c6 8. h3
Nbd7 9. Nf3 Re8 10. O-O Nf8 11. Qc2 Ne6 12. Bh2 g6 13. Ne5 Ng7 14. Rab1 Bf5 15.
b4 Rc8 16. Na4 Bxd3 17. Qxd3 Ne4 18. Nc5 Nd6 19. Rfc1 f6 20. Nf3 b6 21. Bxd6
Qxd6 22. Na6 Qd7 23. a4 Nf5 24. Nd2 Bf8 25. Rc2 Bh6 26. Nf1 Nd6 27. Rbc1 Nc4
28. Nd2 b5 29. Nc5 Qc7 30. axb5 cxb5 31. Ra1 f5 32. Rca2 a5 33. bxa5 f4 34. e4
dxe4 35. Ndxe4 Bg7 36. a6 Qc6 37. a7 Ra8 38. d5 Ne5 39. Qb3 Qb6 40. Ra6 Qd8 41.
d6+ Kh8 42. Ne6 1-0

[Event "Hilton Open 2013"]
[Site "Basel"]
[Date "2013.01.02"]
[Round "3.10"]
[White "Toth, Bela"]
[Black "Bartel, Mateusz"]
[Result "1/2-1/2"]
[WhiteElo "2352"]
[BlackElo "2629"]
[PlyCount "43"]
[EventDate "2013.??.??"]
[SourceDate "2013.01.01"]

1. d4 f5 2. g3 Nf6 3. Bg2 g6 4. c3 Bg7 5. Qb3 Nc6 6. Nd2 d5 7. Nh3 e6 8. Nf4 g5
9. Nd3 O-O 10. Nf3 Ne4 11. h4 h6 12. hxg5 hxg5 13. Qc2 Bd7 14. Be3 Be8 15. Qc1
Bf6 16. Rh6 g4 17. Nfe5 Nxe5 18. Nxe5 c5 19. Bxe4 dxe4 20. Qd2 cxd4 21. cxd4
Rc8 22. Rc1 1/2-1/2

[Event "Hilton Open 2013"]
[Site "Basel"]
[Date "2013.01.02"]
[Round "3.11"]
[White "Maier, Christian"]
[Black "Pelletier, Yannick"]
[Result "1/2-1/2"]
[WhiteElo "2354"]
[BlackElo "2604"]
[PlyCount "34"]
[EventDate "2013.??.??"]
[SourceDate "2013.01.01"]

1. e4 d6 2. Nf3 Nf6 3. Nc3 e5 4. d4 Nbd7 5. Bc4 Be7 6. Qe2 O-O 7. dxe5 Nxe5 8.
Nxe5 dxe5 9. Nd5 Nxd5 10. Bxd5 c6 11. Bb3 a5 12. a4 Bb4+ 13. c3 Qb6 14. Bc4 Bc5
15. O-O Re8 16. Bg5 Be6 17. Rad1 h6 1/2-1/2

[Event "Hilton Open 2013"]
[Site "Basel"]
[Date "2013.01.02"]
[Round "3.12"]
[White "Flueckiger, Christian"]
[Black "Ghaem Maghami, Ehsan"]
[Result "1/2-1/2"]
[WhiteElo "2344"]
[BlackElo "2572"]
[PlyCount "44"]
[EventDate "2013.??.??"]
[SourceDate "2013.01.01"]

1. e4 c5 2. Nf3 e6 3. d3 d5 4. Nbd2 Nc6 5. g3 Bd6 6. Bg2 Nge7 7. O-O O-O 8. Re1
Bc7 9. a3 b6 10. b4 dxe4 11. Nxe4 cxb4 12. axb4 Nxb4 13. Ba3 Nbc6 14. d4 Bb7
15. c4 Na5 16. Qc2 Re8 17. d5 exd5 18. Neg5 Ng6 19. Rxe8+ Qxe8 20. cxd5 Qd7 21.
d6 Bd8 22. Ne5 Qb5 1/2-1/2

[Event "Hilton Open 2013"]
[Site "Basel"]
[Date "2013.01.02"]
[Round "3.13"]
[White "Van Kampen, Robin"]
[Black "Karabalis, Harilos"]
[Result "1-0"]
[WhiteElo "2581"]
[BlackElo "2245"]
[PlyCount "79"]
[EventDate "2013.??.??"]
[SourceDate "2013.01.01"]

1. e4 e6 2. d4 d5 3. Nc3 Nf6 4. Bg5 Be7 5. e5 Nfd7 6. Bxe7 Qxe7 7. f4 a6 8. Qg4
f5 9. exf6 Nxf6 10. Qh4 c5 11. Nf3 cxd4 12. Nxd4 e5 13. fxe5 Qxe5+ 14. Be2 Nc6
15. O-O-O O-O 16. Rhe1 Nxd4 17. Qxd4 Qxh2 18. Nxd5 Qh6+ 19. Kb1 Nxd5 20. Bc4
Kh8 21. Bxd5 Rb8 22. g4 Qg5 23. Bf3 Be6 24. Rxe6 Rxf3 25. Qe4 Qf4 26. a4 Qxe4
27. Rxe4 h6 28. Rd7 Rg3 29. a5 Rc8 30. Rxb7 Rg1+ 31. Ka2 Rxc2 32. Rb6 Rcg2 33.
Rxa6 Rxg4 34. Rae6 Rg5 35. b4 R5g2+ 36. Re2 Rg4 37. R6e4 R4g3 38. a6 Rg6 39. b5
R1g5 40. a7 1-0

[Event "Hilton Open 2013"]
[Site "Basel"]
[Date "2013.01.02"]
[Round "3.14"]
[White "Vatter, Hans Joachim"]
[Black "Gavrilov, Alexei"]
[Result "0-1"]
[WhiteElo "2318"]
[BlackElo "2501"]
[PlyCount "126"]
[EventDate "2013.??.??"]
[SourceDate "2013.01.01"]

1. e4 e6 2. d4 d5 3. e5 c5 4. c3 Ne7 5. Nf3 Nec6 6. a3 a5 7. Bd3 b6 8. O-O Ba6
9. Be3 Be7 10. Ne1 h5 11. f4 g6 12. Bf2 Qd7 13. Qe2 Bxd3 14. Nxd3 cxd4 15. cxd4
a4 16. Nd2 Na5 17. Rac1 Nbc6 18. Rc2 Rc8 19. Rfc1 b5 20. Nf3 Nc4 21. Qe1 Kf8
22. Bh4 Qa7 23. Bxe7+ Qxe7 24. h3 Kg7 25. Kh2 Rb8 26. Qf2 b4 27. Ra1 bxa3 28.
bxa3 N6a5 29. Nb4 Rb6 30. Rca2 Nb3 31. Rf1 Nxa3 32. Nd3 Ra6 33. f5 exf5 34. Nf4
Rd8 35. Qg3 Nb5 36. Nxh5+ Kf8 37. Nf6 N3xd4 38. Nxd4 Nxd4 39. Qf4 Rxf6 40. exf6
Qxf6 41. Rxa4 Ne6 42. Qb4+ Kg7 43. Ra7 d4 44. Rd1 Qe5+ 45. Kh1 Ng5 46. Qb6 Rd6
47. Qb8 Ne4 48. Ra8 Kh6 49. Kg1 d3 50. Qf8+ Kg5 51. Qxf7 Qd4+ 52. Kh2 Qe5+ 53.
Kg1 Nc3 54. h4+ Kg4 55. Qc4+ Qd4+ 56. Qxd4+ Rxd4 57. Rd2 Kf4 58. Ra6 Ke3 59.
Rxd3+ Rxd3 60. Rxg6 Ne4 61. h5 Kf4 62. Ra6 Ng3 63. Ra4+ Kg5 0-1

[Event "Hilton Open 2013"]
[Site "Basel"]
[Date "2013.01.02"]
[Round "3.15"]
[White "Milosevic, Goran"]
[Black "Dann, Matthias"]
[Result "1-0"]
[WhiteElo "2328"]
[BlackElo "2432"]
[PlyCount "109"]
[EventDate "2013.??.??"]
[SourceDate "2013.01.01"]

1. e4 c5 2. Nf3 d6 3. d4 cxd4 4. Nxd4 Nf6 5. Nc3 a6 6. g3 g6 7. Bg2 Bg7 8. O-O
O-O 9. a4 Bd7 10. Nb3 Nc6 11. Nd5 Rc8 12. c3 Ne5 13. h3 Nc4 14. Re1 Re8 15. Nd4
Nxd5 16. exd5 Qb6 17. Nb3 Qc7 18. Nd4 Qb6 19. Nb3 e5 20. Bf1 e4 21. a5 Qc7 22.
Nd2 Nxd2 23. Bxd2 h6 24. Be3 f5 25. Qd2 Kh7 26. c4 g5 27. Bb6 Qb8 28. Rac1 Rf8
29. Bg2 Rce8 30. b4 Rf7 31. Qc2 h5 32. g4 hxg4 33. hxg4 Kg6 34. gxf5+ Bxf5 35.
Bxe4 Rxe4 36. Rxe4 Be5 37. Qe2 Qh8 38. Rxe5 dxe5 39. f3 Rh7 40. Qg2 Rh3 41. Bf2
Bd3 42. Re1 Qh5 43. d6 Bf5 44. Bg3 Bd7 45. Rxe5 Bc6 46. Bf4 Kf6 47. Rxg5 Qxf3
48. Rg6+ Kf5 49. Qg5+ Ke4 50. Re6+ Kd4 51. Qc5+ Kd3 52. Re3+ Qxe3+ 53. Bxe3 Ke2
54. Qxc6 bxc6 55. d7 1-0

[Event "Hilton Open 2013"]
[Site "Basel"]
[Date "2013.01.02"]
[Round "3.16"]
[White "Aguera Naredo, Javier"]
[Black "Balint, Vilmos"]
[Result "1-0"]
[WhiteElo "2417"]
[BlackElo "2252"]
[PlyCount "59"]
[EventDate "2013.??.??"]
[SourceDate "2013.01.01"]

1. e4 e5 2. Nf3 Nc6 3. Bb5 Nf6 4. O-O Bc5 5. c3 O-O 6. d4 Bb6 7. Qd3 d6 8. Nbd2
exd4 9. cxd4 Bd7 10. a3 a6 11. Bc4 Bg4 12. d5 Nb8 13. b4 Nbd7 14. Bb2 Re8 15.
Rae1 Bh5 16. Bb3 Ba7 17. Nd4 Bg6 18. Kh1 Ng4 19. f3 Nge5 20. Qc3 Qh4 21. Nc4
Nf6 22. Ne3 Nh5 23. Ndf5 Bxf5 24. Nxf5 Qd8 25. f4 Ng4 26. Qf3 Ngf6 27. g4 g6
28. Nh6+ Kg7 29. g5 Kf8 30. gxf6 1-0

[Event "Hilton Open 2013"]
[Site "Basel"]
[Date "2013.01.02"]
[Round "3.17"]
[White "Hendriks, Willy"]
[Black "Kvetny, Mark"]
[Result "1/2-1/2"]
[WhiteElo "2420"]
[BlackElo "2201"]
[PlyCount "69"]
[EventDate "2013.??.??"]
[SourceDate "2013.01.01"]

1. e4 c5 2. Nf3 d6 3. Bb5+ Nd7 4. d4 Ngf6 5. O-O cxd4 6. Qxd4 a6 7. Bxd7+ Bxd7
8. Bg5 e6 9. Nbd2 Rc8 10. Rfe1 Be7 11. Nc4 Bb5 12. Bxf6 gxf6 13. Nfd2 Qc7 14.
b3 Qc5 15. Qxc5 Rxc5 16. Rad1 d5 17. exd5 Rxd5 18. Ne3 Rd8 19. Ndc4 O-O 20. a4
Bxc4 21. Nxc4 b5 22. axb5 axb5 23. Nb2 Rc8 24. Re2 Rc7 25. Ra1 Rfc8 26. c4 f5
27. g3 Bf6 28. cxb5 Rc1+ 29. Rxc1 Rxc1+ 30. Kg2 Rb1 31. Nc4 Rxb3 32. Nd6 Be7
33. Nxf5 Bf8 34. Nd4 Rb4 35. Rd2 1/2-1/2

[Event "Hilton Open 2013"]
[Site "Basel"]
[Date "2013.01.02"]
[Round "3.18"]
[White "Filipovic, Branko"]
[Black "Bagri, Jaspaul"]
[Result "1-0"]
[WhiteElo "2369"]
[BlackElo "2178"]
[PlyCount "82"]
[EventDate "2013.??.??"]
[SourceDate "2013.01.01"]

1. e4 e5 2. Nf3 Nc6 3. Bb5 a6 4. Bxc6 dxc6 5. O-O Bg4 6. h3 h5 7. d3 Qf6 8. Be3
Bxf3 9. Qxf3 Qxf3 10. gxf3 Bd6 11. Nd2 Ne7 12. Rfb1 f6 13. Kf1 Kf7 14. Nc4 a5
15. a4 c5 16. c3 Nc6 17. Rd1 Rhd8 18. Ke2 b6 19. Rac1 Rd7 20. d4 Rad8 21. dxc5
bxc5 22. Rd5 Ke6 23. Rcd1 Ne7 24. R5d3 Nc6 25. Kd2 Nd4 26. Kc1 Nb3+ 27. Kc2 Rb8
28. f4 exf4 29. Bxf4 Nd4+ 30. cxd4 Bxf4 31. dxc5 Rxd3 32. Rxd3 Ra8 33. Rd5 g5
34. c6 h4 35. f3 Ra6 36. Nxa5 Bd6 37. Rb5 Bg3 38. b4 Ra8 39. Nb7 Bf2 40. Kb3
Ra6 41. Rd5 Rxc6 1-0

[Event "Hilton Open 2013"]
[Site "Basel"]
[Date "2013.01.02"]
[Round "3.19"]
[White "Prill, Daniel"]
[Black "Georgiadis, Nico"]
[Result "1/2-1/2"]
[WhiteElo "2154"]
[BlackElo "2369"]
[PlyCount "59"]
[EventDate "2013.??.??"]
[SourceDate "2013.01.01"]

1. e4 c5 2. Nf3 g6 3. c4 Nc6 4. d4 cxd4 5. Nxd4 Nf6 6. Nc3 d6 7. Be2 Nxd4 8.
Qxd4 Bg7 9. Qd2 Be6 10. Rb1 O-O 11. O-O a6 12. b3 Qa5 13. Nd5 Qxd2 14. Nxf6+
Bxf6 15. Bxd2 Bd4 16. Rfd1 Bc5 17. Bc3 b5 18. e5 bxc4 19. b4 Bb6 20. exd6 Ra7
21. dxe7 Rxe7 22. Kf1 Bc7 23. Bf6 Ree8 24. Rbc1 Bxh2 25. Bxc4 Bf4 26. Rc3 Be5
27. Bxe5 Bxc4+ 28. Rxc4 Rxe5 29. Rd6 a5 30. bxa5 1/2-1/2

[Event "Hilton Open 2013"]
[Site "Basel"]
[Date "2013.01.02"]
[Round "3.20"]
[White "Lutz, Bernhard"]
[Black "Wirz, Heinz"]
[Result "0-1"]
[WhiteElo "2348"]
[BlackElo "2161"]
[PlyCount "168"]
[EventDate "2013.??.??"]
[SourceDate "2013.01.01"]

1. d4 Nf6 2. c4 g6 3. Nc3 Bg7 4. e4 d6 5. Nf3 O-O 6. Be2 e5 7. Be3 Ng4 8. Bg5
f6 9. Bh4 Nc6 10. O-O Nh6 11. dxe5 dxe5 12. Qd5+ Kh8 13. h3 Qe7 14. Rad1 g5 15.
Bg3 a6 16. Qd2 Be6 17. Nd5 Qf7 18. b4 Rad8 19. Qb2 g4 20. hxg4 Bxg4 21. b5 Bxf3
22. bxc6 Bxe2 23. Qxe2 bxc6 24. Nb4 c5 25. Nxa6 Rd4 26. Nxc5 Qxc4 27. Qxc4 Rxc4
28. Rc1 Rxc1 29. Rxc1 Ra8 30. Ne6 Rxa2 31. Rxc7 Ra1+ 32. Kh2 Ng4+ 33. Kh3 h5
34. Bh4 Rh1+ 35. Kg3 Bh6 36. f3 Bf4+ 37. Nxf4 exf4+ 38. Kxf4 Rxh4 39. Kg3 Rh1
40. fxg4 h4+ 41. Kf2 Rb1 42. Rc5 Rb2+ 43. Kf3 Kg7 44. g5 Kg6 45. gxf6 Kxf6 46.
Rf5+ Ke6 47. Rh5 Rb3+ 48. Kf4 Rg3 49. Rg5 Rc3 50. Rg6+ Kf7 51. Rg4 h3 52. g3
Rc2 53. Rh4 h2 54. g4 Kg6 55. Rh5 Rf2+ 56. Kg3 Re2 57. Kf3 Rc2 58. e5 Rc3+ 59.
Kf4 Rc4+ 60. Kf3 Rc3+ 61. Ke4 Rc2 62. Kd5 Rd2+ 63. Kc6 Kf7 64. Rh6 Ke7 65. g5
Rg2 66. Kd5 Rd2+ 67. Ke4 Re2+ 68. Kf5 Rf2+ 69. Kg6 Ke6 70. Kh7+ Kxe5 71. g6 Rg2
72. g7 Kf4 73. Rh3 Kg4 74. g8=Q+ Kxh3 75. Qe6+ Kg3 76. Qe3+ Kg4 77. Qe4+ Kh3
78. Qf3+ Rg3 79. Qf1+ Kg4 80. Kg6 Rg1 81. Qf5+ Kh4+ 82. Kh6 h1=Q 83. Qf4+ Kh3
84. Qe3+ Kg2+ 0-1

[Event "Hilton Open 2013"]
[Site "Basel"]
[Date "2013.01.02"]
[Round "3.21"]
[White "Faibisovich, Vadim Z"]
[Black "Klumpp, Jochen"]
[Result "1-0"]
[WhiteElo "2349"]
[BlackElo "2070"]
[PlyCount "113"]
[EventDate "2013.??.??"]
[SourceDate "2013.01.01"]

1. e4 d6 2. d4 Nf6 3. Nc3 g6 4. Nf3 Bg7 5. Be2 O-O 6. O-O c6 7. h3 Nbd7 8. Bf4
Nh5 9. Be3 e5 10. Qd2 Qe7 11. Rad1 Nhf6 12. Bg5 Re8 13. d5 c5 14. a4 Qf8 15.
Nh2 h6 16. Be3 a6 17. a5 Rb8 18. Ra1 Kh7 19. g4 Qe7 20. f3 Rf8 21. Kg2 Ng8 22.
Rh1 Bf6 23. Nf1 Bh4 24. Bd3 f6 25. b3 Qg7 26. Kh2 Ne7 27. Rg1 Rf7 28. Na4 Qf8
29. b4 c4 30. Bxc4 f5 31. gxf5 gxf5 32. exf5 Nxf5 33. Bd3 Nf6 34. Nb6 Ng8 35.
Nxc8 Rxc8 36. Rg4 Qe7 37. Be4 Kh8 38. Qd3 Nxe3 39. Nxe3 Bg5 40. Nf5 Qf8 41. h4
Bf4+ 42. Rxf4 exf4 43. Qd4+ Rf6 44. c4 Re8 45. c5 Re5 46. cxd6 Rfxf5 47. Bxf5
Qf6 48. Be4 Qxh4+ 49. Kg2 Qf6 50. Kf2 Qxd6 51. Rh1 Nf6 52. Rxh6+ Kg7 53. Rh4
Rg5 54. Rh7+ Kg8 55. Rxb7 Qf8 56. d6 Qh6 57. Rb8+ 1-0